Valentí Almirall : forjador del catalanisme polític / Josep M. Figueres forjador del catalanisme polític / Josep M. Figueres
ISBN:
84-393-6427-x
Publicado:
Barcelona :
Generalitat de Catalunya. Entitat Autònoma del Diari Oficial i de Publicacions ,
2004
Descripción Física:
285 p. ; 23 cm
Colección:
Catalans il·lustres ; 17
MARC
| LEADER | 00000nam a2200000Ia 4500 | ||
|---|---|---|---|
| 001 | 21946 | ||
| 008 | 160829s2004 xx 000 0 cat d | ||
| 020 | |a 84-393-6427-x | ||
| 080 | |a M-6-277 | ||
| 100 | 1 | |a Figueres, Josep M. |q (Josep Maria), |d 1950- |9 36314 | |
| 245 | |a Valentí Almirall : |b forjador del catalanisme polític / Josep M. Figueres | ||
| 260 | |a Barcelona : |b Generalitat de Catalunya. Entitat Autònoma del Diari Oficial i de Publicacions, |c 2004 | ||
| 300 | |a 285 p. ; |c 23 cm | ||
| 490 | |a Catalans il·lustres ; 17 | ||
| 590 | |a Bibliografia | ||
| 650 | |a Almirall, Valentí |9 39384 | ||
| 650 | 0 | |a Polítics |z Catalunya |v Biografia |9 33087 | |
| 650 | |a Periodistes |x Catalunya |x Biografia I |9 39385 | ||
| 650 | |a Nacionalisme |x Catalunya |x Història |x S. XIX |9 34148 | ||
| 650 | 0 | |a Catalunya |x Política i govern |x S. XIX |9 32352 | |
| 710 | 2 | |a Entitat Autònoma del Diari Oficial i de Publicacions (Catalunya) |9 70221 | |
| 901 | |a Arxiu | ||
| 942 | |n 1 | ||
| 952 | |0 0 |1 0 |4 0 |6 M6277 |7 1 |9 48987 |a Arxiu |b Arxiu |d 2016-12-01 |l 0 |o M-6-277 |p 21946 |r 2016-12-01 00:00:00 |w 2016-12-01 |y ARXIU | ||
| 999 | |c 52822 |d 52822 | ||